| 000 | nam a22 a 4500 | ||
|---|---|---|---|
| 999 |
_c44001 _d44001 |
||
| 003 | BLK | ||
| 005 | 20230223124316.0 | ||
| 008 | 180408b bul|||||r ||||||| ||bul|| | ||
| 010 | _aKNG00047758000 | ||
| 020 | _a954-420-055-5 | ||
| 040 | _aBLK | ||
| 041 |
_aBUL _cBUL |
||
| 080 |
_aПомощни съдебни науки. Съдебна психология. Съдебна химия. Съдебна медицина. Съдебномедицинска експертиза. Експерти, съдебнотехн. и счетовод. експертиза, съдебна токсикология. Вж и 343 _b340.6 _x(075.8) _z340.6(075.8) |
||
| 100 | 1 |
_aРаданов, Стойчо Димитров _eпърви автор _9268207 |
|
| 139 |
_aРаданов, Стойчо Димитров и др. _bР 12 |
||
| 245 | 1 | 0 |
_aСъдебна медицина _bУчебник за студенти по стоматология _cСтойчо Димитров Раданов; съавт. Васил Иванов Кънчев; съавт. Иван Димитров Дойчинов. |
| 257 | _aBGR | ||
| 260 |
_aСофия _bМедицина и физкултура _c1992 _fПловдив : ДФ Полиграфия |
||
| 300 |
_a206 с. _bс ил., табл., 12 л. цв. ил. _c24 см |
||
| 380 | _a61 | ||
| 500 | _aАвт. не са отбелязани на кор. | ||
| 650 | 4 |
_aСъдебна медицина - учебници за ВУЗ _9261976 |
|
| 653 | _aсъдебна медицина | ||
| 653 | _aучебници за ВУЗ | ||
| 700 | 1 |
_aКънчев, Васил Иванов _eсъавт. _9367845 |
|
| 700 | 1 |
_aДойчинов, Иван Димитров _eсъавт. _9279068 |
|
| 852 |
_aЦб 169070 _bЦб |
||
| 856 | 4 |
_qpdf _i0.00 _ldisable |
|
| 856 | 4 |
_qpdf _i0.00 _ldisable |
|
| 942 |
_cKNG _n0 _s1 |
||
| 944 |
_aCR _c22.07.2004 _kВиолета_Тройчева |
||
| 944 |
_aED _c12.09.2014 |
||
| 999 | _d44001 | ||